Southville International School and Colleges
Your cart is empty.
  • Cart
  • Lists
    Public lists Eva Luna New books Lux_list list_1
    Your lists Log in to create your own lists
  • Log in to your account
  • Your cookies
  • Search history
Southville International School and Colleges
  • Advanced search
  • Recent comments
  • Most popular
  • Libraries

Log in to your account

Log in with GOOGLE


If you do not have an external account, but do have a local account, you can still log in:

  1. Home
  2. MARC view: Cool careers without college for math and science wizards /
Normal view MARC view ISBD view

Cool careers without college for math and science wizards / (Record no. 110251)

[ view plain ]
MARC details
000 -LEADER
fixed length control field 00720nam a2200217 a 4500
001 - CONTROL NUMBER
control field 4128
005 - DATE AND TIME OF LATEST TRANSACTION
control field 20140414131852.0
008 - FIXED-LENGTH DATA ELEMENTS--GENERAL INFORMATION
fixed length control field 090209s19uu xx 00 eng d
020 ## - INTERNATIONAL STANDARD BOOK NUMBER
International Standard Book Number 0-8239-3502-7
050 ## - LIBRARY OF CONGRESS CALL NUMBER
Classification number M 602.3
Item number B93 2002
100 ## - MAIN ENTRY--PERSONAL NAME
Personal name Burnett, Betty, 1940-
245 ## - TITLE STATEMENT
Title Cool careers without college for math and science wizards /
Statement of responsibility, etc Betty Burnett.
260 ## - PUBLICATION, DISTRIBUTION, ETC. (IMPRINT)
Place of publication, distribution, etc New York :
Name of publisher, distributor, etc The Rosen,
Date of publication, distribution, etc c2002.
300 ## - PHYSICAL DESCRIPTION
Extent 144 p. : col., ill. cm.
440 ## - SERIES STATEMENT/ADDED ENTRY--TITLE
Title Cool careers without college
500 ## - GENERAL NOTE
General note Includes bibliographical references and index.
650 ## - SUBJECT ADDED ENTRY--TOPICAL TERM
Topical term or geographic name as entry element Mathematics
General subdivision Vocational guidance.
-- Juvenile literature.
650 ## - SUBJECT ADDED ENTRY--TOPICAL TERM
Topical term or geographic name as entry element Science
General subdivision guidance.
650 ## - SUBJECT ADDED ENTRY--TOPICAL TERM
Topical term or geographic name as entry element Science
General subdivision Vocational guidance.
Holdings
Withdrawn status Lost status Damaged status Use restrictions Home library Current library Shelving location Date acquired Source of acquisition Total Checkouts Full call number Barcode Date last seen Price effective from Koha item type
        Munich Library Munich Library Main Section 02/09/2009     M 602.3 B93 2002 M0592 04/14/2014 04/14/2014 Books

Cool careers without college for math and science wizards /

APA

Burnett B. 1., . (2002). Cool careers without college for math and science wizards. New York: The Rosen.

Chicago

Burnett Betty 1940, . 2002. Cool careers without college for math and science wizards. New York: The Rosen.

Harvard

Burnett B. 1., . (2002). Cool careers without college for math and science wizards. New York: The Rosen.

MLA

Burnett Betty 1940, . Cool careers without college for math and science wizards. New York: The Rosen. 2002.

  • Place hold
  • Print
  • Cite
  • Add to your cart (remove)
  • Save record
    BIBTEX Dublin Core MARCXML MARC (non-Unicode/MARC-8) MARC (Unicode/UTF-8) MARC (Unicode/UTF-8, Standard) MODS (XML) RIS
  • More searches
    Search for this title in:
    Other Libraries (WorldCat) Other Databases (Google Scholar) Online Stores (Bookfinder.com) Open Library (openlibrary.org)

Exporting to Dublin Core...

SOUTHVILLE LIBRARY

Southville International School and Colleges Library

1281 Tropical Ave. Cor. Luxembourg St., BF Homes International, Las Pinas City

Tel. No. 8256374 / 252358 Loc. 117/146

Powered by Koha